Stavebnicovo kalkulovaná riziková prirážka a vnútorná hodnota akcie

Stanovenie vnútornej hodnoty akcie diskontovaním budúcich výnosov vyjadrených vo forme plánovaných budúcich cash flow, t.j. metódou diskontovaného peňažného toku (DCF). Varianty metódy DCF: metóda voľných peňažných tokov pre akcionára FCFE (free cash flow to the equity), metóda voľných peňažných tok...

Descrizione completa

Salvato in:
Dettagli Bibliografici
Autore principale: Šebejová, Katarína
Altri autori: Sülyiová, Zuzana
Natura: Capitolo di libro
Lingua:slovacco
Soggetti:
Tags: Aggiungi Tag
Nessun Tag, puoi essere il primo ad aggiungerne!!

MARC

LEADER 00000naa a2200000 4500
001 r043441
005 20220729111032.3
041 0 |a slo 
044 |a SK 
245 1 0 |a Stavebnicovo kalkulovaná riziková prirážka a vnútorná hodnota akcie  |c Katarína Šebejová, Zuzana Sülyiová 
520 |a Stanovenie vnútornej hodnoty akcie diskontovaním budúcich výnosov vyjadrených vo forme plánovaných budúcich cash flow, t.j. metódou diskontovaného peňažného toku (DCF). Varianty metódy DCF: metóda voľných peňažných tokov pre akcionára FCFE (free cash flow to the equity), metóda voľných peňažných tokov pre podnik ako celok FCFF (free cash flow to the firm). 
610 2 0 |a kalkulácia 
610 2 0 |a akcie 
610 2 0 |a riziko 
610 2 0 |a cash flow 
610 2 0 |a hodnota 
610 2 0 |a podnik 
610 2 0 |a modely 
100 1 |a Šebejová, Katarína 
700 1 |a Sülyiová, Zuzana